| 000 | 00747nas a2200265 4500 | ||
|---|---|---|---|
| 001 | BR9205960 | ||
| 003 | BR-BrBNA | ||
| 005 | 20231205094959.0 | ||
| 007 | ta | ||
| 008 | 230509b bl.|||p| |||| 00| 00por d | ||
| 040 |
_aBR-BrBNA _bpor _cBiblioteca Nacional de Agricultura |
||
| 041 | _a(Pt) | ||
| 072 | _aL74 | ||
| 100 | 1 | _aAngeli, J.L. de | |
| 245 | 1 | _aOcorrencia do knobbed sperm em cinco touros mesticos zebu-taurino | |
| 650 | _aSemen | ||
| 650 | _aTouro | ||
| 650 | _aGado Zebu | ||
| 650 | _aGado Mestico | ||
| 650 | _aDisturbio Fisiologico | ||
| 650 | _aEsterilidade | ||
| 773 | 0 |
_tSemina (Brazil) _xISSN 0101-3742 _g(Jul 1989), v. 10(1) p. 46-50 _wBR9205960 |
|
| 909 |
_a202311 _bLúcia _c55 _dLúcia Elande |
||
| 942 |
_2AGRIS _n0 _cANA |
||
| 999 |
_c148072 _d148072 |
||